000 00345nam a22001457a 4500
003 MACL
005 20200715162705.0
008 200715b xxu||||| |||| 00| 0 eng d
040 _cMACL
100 _aJorje C K
_978965
245 _aWorld Famous Wars
260 _aDelhi
_bAcademic Pub
_c2017
650 _aHistory
_978966
942 _2ddc
_cBK
999 _c62637
_d62637